| 000 | 00562nam a2200241 a 4500 | ||
|---|---|---|---|
| 001 | nice12345678 | ||
| 003 | IN_TiNIC | ||
| 005 | 20260116011750.0 | ||
| 008 | 050524s0000 naga grp 000 0 per | ||
| 020 |
_a _c100 |
||
| 082 | 0 | 0 |
_a297.93 _bHAS |
| 100 | _aHasan, Nushabadi | ||
| 245 | _aFaraiz-Ud-Diniyya. | ||
| 260 |
_aNagpur _b _c0000 |
||
| 300 | _a64p | ||
| 500 | _aincludes index and biblioraphy | ||
| 505 | 2 | _aHand Written Manuscript | |
| 650 | _aBahai Faith | ||
| 700 | 1 | _aHasan, Nushabadi | |
| 902 | _bSRS | ||
| 942 | _cBK | ||
| 999 |
_c3800 _d3800 |
||